000 00917nam a22002897a 4500
001 14
003 AR-RoBPED
005 20160821213943.0
007 ta
008 160821s1988 xx ||||| 00| 0| d
020 _a847046339X
040 _aAR-RoBPED
_cAR-RoBPED
100 1 _aCervera, Juan
245 1 0 _aLiteratura infantil en la educación básica.
250 _a4a.ed.
260 _bCincel
_aMadrid
_c1988
300 _a223 p.
490 0 _aDiálogos en educación
500 _aArchivo DIAZ
504 _aContenido: La literatura infantil y sus claves.- Perspectivas psicopedagógicas.- Perspectivas linguísticas.-Literatura y creatividad en el niño.- Cuento clásico y cuento actual.- Los inicios de la literatura infantil.- La literatura infantil feminista.
590 _aEj.: 1
650 4 _aDIDACTICA
650 4 _aEGB
650 4 _aLITERATURA INFANTIL
942 _cBK
945 _aLB.-JUNIO/97
999 _c14
_d14